Handbook of polymer synthesis, characterization, and processing (Record no. 76714)
[ view plain ]
| 000 -LEADER | |
|---|---|
| fixed length control field | 02169nam a2200337 a 4500 |
| 082 04 - DEWEY DECIMAL CLASSIFICATION NUMBER | |
| Classification number | 547/.28 |
| 245 00 - TITLE STATEMENT | |
| Title | Handbook of polymer synthesis, characterization, and processing |
| 260 ## - PUBLICATION, DISTRIBUTION, ETC. (IMPRINT) | |
| Place of publication | Hoboken, N.J. : |
| Name of publisher | John Wiley & Sons, Inc., |
| Year of publication | [2013] |
| 300 ## - PHYSICAL DESCRIPTION | |
| Number of Pages | xxi, 622 p., [12] p. of plates : |
| Other physical details | ill. (some col.) |
| 505 0# - FORMATTED CONTENTS NOTE | |
| Formatted contents note | pt. I. Basic concepts -- pt. II. Polymer synthesis and modification -- pt. III. Polymerization processes and engineering -- pt. IV. Polymer characterization -- pt. V. Polymer processing -- pt. VI. Polymers for advanced technologies. |
| 520 ## - SUMMARY, ETC. | |
| Summary, etc | "This handbook provides polymer industry professionals and researchers in polymer science and technology a single, comprehensive handbook summarizing all aspects involved in the polymer production chain. Whereas most books deal with polymer science and technology from only one or two aspects, this handbook addresses the major core areas together: polymer synthesis, both from the chemistry and the engineering aspects; polymer characterization, including chemical, physicochemical, rheological properties and others; and polymer processing and transformation into final objects"-- |
| 650 #0 - SUBJECT ADDED ENTRY--TOPICAL TERM | |
| Topical Term | Polymerization. |
| 700 1# - ADDED ENTRY--PERSONAL NAME | |
| Personal name | Sald�ivar-Guerra, Enrique. |
| Personal name | Vivaldo-Lima, Eduardo. |
| 856 40 - ELECTRONIC LOCATION AND ACCESS | |
| Uniform Resource Identifier | http://site.ebrary.com/lib/rucke/Doc?id=10653883 |
| 520 ## - SUMMARY, ETC. | |
| -- | Provided by publisher. |
No items available.
